[Event "World Youth Girl U18 2016"]
[Site "Khanty-Mansiysk RUS"]
[Date "2016.09.25"]
[Round "4.21"]
[White "Stanciu, Ioana-Georgiana"]
[Black "Kolver, Michelle"]
[Result "1-0"]
[BlackTitle "WCM"]
[WhiteElo "1931"]
[BlackElo "1485"]
[WhiteFideId "1202294"]
[BlackFideId "14307839"]
[EventDate "2016.09.22"]

1. e4 c5 2. Nf3 a6 3. Nc3 Nc6 4. g3 g6 5. Bg2 b5 6. O-O Bg7 7. d3 Bb7 8. Ng5 d6
9. f4 h6 10. Nh3 Nd4 11. Ne2 e6 12. Nxd4 Bxd4+ 13. Kh1 f5 14. Qe2 Qc7 15. c3 Bg7
16. exf5 Bxg2+ 17. Kxg2 Qc6+ 18. Kg1 O-O-O 19. Qxe6+ Qd7 20. Qxd7+ Kxd7 21. fxg6
Ne7 22. f5 Rhf8 23. g4 h5 24. Ng5 Rf6 25. Nf7 Rf8 26. Bg5 R6xf7 27. gxf7 Nd5 28.
gxh5 Be5 29. Rae1 Rxf7 30. h6 Rf8 31. Kh1 Ne7 32. Bxe7 Kxe7 33. d4 Kf6 34. dxe5+
dxe5 1-0

[Event "World Youth Girl U18 2016"]
[Site "Khanty-Mansiysk RUS"]
[Date "2016.09.25"]
[Round "4.22"]
[White "Meskenaite, Rugile"]
[Black "Wu, Min"]
[Result "1/2-1/2"]
[WhiteElo "1709"]
[BlackElo "1996"]
[WhiteFideId "12806587"]
[BlackFideId "1631969"]
[EventDate "2016.09.22"]

1. e4 e5 2. Nf3 d6 3. Nc3 Nf6 4. d4 exd4 5. Nxd4 Be7 6. Bc4 O-O 7. O-O c6 8. f4
d5 9. exd5 cxd5 10. Bb3 Nc6 11. Kh1 Bc5 12. Nf3 Ng4 13. Qxd5 Nf2+ 14. Kg1 Qxd5
15. Nxd5 Nh3+ 16. Kh1 Nf2+ 17. Kg1 1/2-1/2

[Event "World Youth Girl U18 2016"]
[Site "Khanty-Mansiysk RUS"]
[Date "2016.09.25"]
[Round "4.23"]
[White "Yakimenko, Viktoria"]
[Black "Methmani, Nelunika"]
[Result "0-1"]
[BlackTitle "WIM"]
[WhiteElo "2160"]
[BlackElo "1612"]
[WhiteFideId "24174998"]
[BlackFideId "9910050"]
[EventDate "2016.09.22"]

1. e4 c5 2. Nf3 Nc6 3. d4 cxd4 4. Nxd4 Qb6 5. Nb3 Nf6 6. Bd3 e6 7. O-O Be7 8. c4
O-O 9. Nc3 d6 10. Be3 Qc7 11. f4 b6 12. Rc1 Bb7 13. Qe2 Rfd8 14. a3 Rac8 15. Kh1
Bf8 16. Bg1 Qe7 17. h3 g6 18. Bh2 Nd7 19. Nd2 Bg7 20. Nf3 Nc5 21. b4 Nb3 22. Rb1
Nbd4 23. Qe1 Nxf3 24. Rxf3 Nd4 25. Rf2 Qh4 26. Nd1 f5 27. Rc1 Kh8 28. Nc3 b5 29.
cxb5 fxe4 30. Bxe4 d5 31. Bd3 Nb3 32. g3 Qf6 33. Ne2 Nxc1 34. Nxc1 Rc3 35. Bf1
d4+ 36. Kg1 Rdc8 37. Nd3 Rxa3 38. g4 Rcc3 39. Nc5 Bd5 40. Ne4 Bxe4 41. Qxe4 d3
42. f5 exf5 43. gxf5 gxf5 44. Qe8+ Qf8 45. Qxf8+ Bxf8 46. Be5+ Bg7 47. Bxc3 Bxc3
48. Rxf5 Ra1 49. Kg2 d2 50. Be2 d1=Q 51. Bxd1 Rxd1 52. Rf7 Ra1 53. b6 axb6 54.
Rb7 Ra6 55. h4 Bxb4 56. h5 h6 57. Kf3 Bc5 0-1

[Event "World Youth Girl U18 2016"]
[Site "Khanty-Mansiysk RUS"]
[Date "2016.09.25"]
[Round "4.24"]
[White "Yolal, Sena Gokcen"]
[Black "Toshali, V"]
[Result "0-1"]
[WhiteElo "1737"]
[BlackElo "1766"]
[WhiteFideId "6337031"]
[BlackFideId "5072611"]
[EventDate "2016.09.22"]

1. e4 e5 2. Nf3 Nc6 3. Bc4 Nf6 4. d3 Be7 5. c3 O-O 6. Bb3 d6 7. Nbd2 Bg4 8. Nf1
d5 9. Qe2 d4 10. h3 Bxf3 11. Qxf3 dxc3 12. bxc3 b5 13. g4 Na5 14. Bc2 b4 15. Ne3
bxc3 16. Nf5 Nc6 17. g5 Ne8 18. h4 Nd6 19. O-O Nxf5 20. exf5 Nd4 21. Qd1 Nxf5
22. d4 Nxd4 23. Be4 c2 24. Qd3 Qd7 25. f3 Bc5 26. Be3 Rad8 27. Qc4 Bb6 28. Kg2
Nf5 29. Bxb6 cxb6 30. Bxf5 Qxf5 31. Rac1 Rd2+ 32. Rf2 Rxf2+ 33. Kxf2 Rc8 34. Qa4
Qd3 35. Kg3 Qd2 36. Qa6 Rd8 37. Qf1 Qf4+ 0-1

[Event "World Youth Girl U18 2016"]
[Site "Khanty-Mansiysk RUS"]
[Date "2016.09.25"]
[Round "4.25"]
[White "Tao, Rachel Long-Xin"]
[Black "Liscinska, Jana"]
[Result "0-1"]
[WhiteTitle "WCM"]
[WhiteElo "1649"]
[BlackElo "1712"]
[WhiteFideId "2616300"]
[BlackFideId "14928612"]
[EventDate "2016.09.22"]

1. e4 e6 2. Nc3 d5 3. Nf3 Nf6 4. d3 Bb4 5. exd5 Nxd5 6. Bd2 Nxc3 7. bxc3 Be7 8.
g3 c5 9. Bg2 Nc6 10. Qe2 Bf6 11. O-O O-O 12. a3 Re8 13. Rab1 Qc7 14. Bf4 e5 15.
Bg5 Be7 16. Bxe7 Rxe7 17. Nd2 b6 18. Nc4 Bb7 19. Ne3 Ree8 20. Nd5 Qd7 21. Rbe1
Ne7 22. Ne3 Bxg2 23. Nxg2 Nd5 24. Qd2 Qa4 25. c4 Ne7 26. Qc3 f6 27. Re4 Qd7 28.
Rfe1 Nc6 29. R4e3 Nd4 30. Qb2 Qg4 31. Nh4 g5 32. c3 Ne6 33. Ng2 Rad8 34. Qc2 Ng7
35. R3e2 Nf5 36. Ne3 Nxe3 37. Rxe3 Kf7 38. Kg2 h5 39. h3 Qf5 40. Qe2 g4 41. h4
Rd6 42. Re4 Red8 43. Rd1 Qf3+ 44. Qxf3 gxf3+ 45. Kxf3 Rxd3+ 46. Rxd3 Rxd3+ 47.
Re3 Rd2 48. Re2 Rd1 49. Ra2 Rc1 50. Ke4 Rxc3 51. Kd5 Ke7 52. a4 Kd7 53. a5 Rd3+
54. Ke4 Rd4+ 55. Kf5 Rxc4 56. axb6 axb6 57. Kxf6 Rg4 58. Kxe5 Kc6 59. Rd2 c4 60.
f4 Rxg3 61. f5 Rf3 62. f6 Kc5 63. Ke6 c3 64. Re2 Kd4 65. f7 Kd3 66. Re1 c2 67.
Ke7 Kd2 68. Rg1 c1=Q 69. Rxc1 Kxc1 70. f8=Q Rxf8 71. Kxf8 b5 72. Kg7 b4 73. Kh6
b3 74. Kxh5 b2 75. Kh6 b1=Q 76. h5 Qf5 0-1

[Event "World Youth Girl U18 2016"]
[Site "Khanty-Mansiysk RUS"]
[Date "2016.09.26"]
[Round "5.1"]
[White "Khomeriki, Nino"]
[Black "Obolentseva, Alexandra"]
[Result "1/2-1/2"]
[WhiteTitle "WIM"]
[BlackTitle "WFM"]
[WhiteElo "2357"]
[BlackElo "2331"]
[WhiteFideId "13603191"]
[BlackFideId "24153648"]
[EventDate "2016.09.22"]

1. d4 Nf6 2. c4 g6 3. Nc3 Bg7 4. Nf3 O-O 5. g3 d6 6. Bg2 Nc6 7. O-O Bf5 8. Ne1
Na5 9. e4 Bg4 10. Qd3 c5 11. d5 Qc8 12. Bd2 b6 13. f4 Bh3 14. b3 Bxg2 15. Kxg2
Nd7 16. Rc1 a6 17. Nd1 Qc7 18. Nf2 b5 19. Nf3 Rfb8 20. Rfe1 Nb7 21. h4 bxc4 22.
bxc4 Nd8 23. h5 Rb2 24. Qa3 Rb7 25. Nd3 f6 26. Ba5 Qb8 27. Nd2 Qc8 28. Re2 Nf8
29. hxg6 hxg6 30. Rce1 e5 31. Nf2 Nf7 32. Nf3 Rab8 33. Bc3 Bh6 34. fxe5 fxe5 35.
Bd2 Bxd2 36. Rxd2 Rb4 37. Rc2 Qd7 38. Qc3 Nh7 39. Qd2 Kg7 40. Rh1 Rh8 41. Rcc1
Qb7 42. Nd3 Rb6 43. Rcf1 Qc8 44. Qf2 Qd7 45. Rh4 Qe7 46. Rfh1 Rbb8 47. Qe2 Nhg5
48. Rxh8 Rxh8 49. Rxh8 Kxh8 50. Nf2 Kg7 1/2-1/2

[Event "World Youth Girl U18 2016"]
[Site "Khanty-Mansiysk RUS"]
[Date "2016.09.26"]
[Round "5.2"]
[White "Wozniak, Mariola"]
[Black "Tsolakidou, Stavroula"]
[Result "0-1"]
[WhiteTitle "WIM"]
[BlackTitle "WGM"]
[WhiteElo "2246"]
[BlackElo "2355"]
[WhiteFideId "1152050"]
[BlackFideId "4264312"]
[EventDate "2016.09.22"]

1. d4 Nf6 2. c4 e6 3. Nc3 Bb4 4. Qc2 Nc6 5. Nf3 d6 6. e3 e5 7. a3 Bxc3+ 8. Qxc3
O-O 9. dxe5 dxe5 10. Nxe5 Nxe5 11. Qxe5 Re8 12. Qc3 Ne4 13. Qc2 Bf5 14. Bd3 Nxf2
15. Bxf5 Nxh1 16. g3 Qf6 17. Bd2 g6 18. Ke2 Qxf5 19. Qxf5 gxf5 20. Rxh1 Kg7 21.
Rf1 Kg6 22. Rf4 Re4 23. Rxe4 fxe4 24. Bc3 c5 25. Be5 Kf5 26. Bd6 Kg4 27. Bxc5
Rc8 28. Bxa7 Rxc4 29. Kd2 Kh3 30. Bb8 Kxh2 31. Bf4 b5 32. Be5 Kg2 33. Bf4 Kf3
34. Kd1 Rc8 35. Kd2 Rd8+ 36. Kc2 Rd3 37. b3 f5 38. Kb2 Rxe3 39. Bxe3 Kxe3 40. a4
bxa4 41. bxa4 Kd4 42. Kb3 Kd3 0-1

[Event "World Youth Girl U18 2016"]
[Site "Khanty-Mansiysk RUS"]
[Date "2016.09.26"]
[Round "5.3"]
[White "Lahav, Michal"]
[Black "Unuk, Laura"]
[Result "1-0"]
[BlackTitle "WIM"]
[WhiteElo "2054"]
[BlackElo "2332"]
[WhiteFideId "2813742"]
[BlackFideId "14609215"]
[EventDate "2016.09.22"]

1. e4 e5 2. Nf3 Nc6 3. Bb5 a6 4. Ba4 Nf6 5. O-O b5 6. Bb3 Bc5 7. c3 d6 8. d4 Bb6
9. Be3 O-O 10. h3 h6 11. Nbd2 Re8 12. Re1 exd4 13. cxd4 Na5 14. Bc2 Bb7 15. Qb1
c5 16. d5 Bc8 17. b3 Bd7 18. a3 Rc8 19. Bd3 Re7 20. Qb2 Be8 21. Rac1 Rec7 22.
Bb1 Rb7 23. Bf4 Rbc7 24. e5 Nxd5 25. Qc2 g6 26. exd6 Nxf4 27. dxc7 Rxc7 28. Ne4
Nc6 29. Rcd1 Nd4 30. Nxd4 cxd4 31. Qd2 g5 32. Nf6+ Qxf6 33. Rxe8+ Kg7 34. Qe1 d3
35. Bxd3 Rc1 36. Be2 Rxd1 37. Qxd1 Qc6 38. Qa1+ f6 39. Re7+ Kf8 40. Bf3 Nxh3+
41. Kf1 Qd6 42. Rb7 Nxf2 43. Qc3 Qd8 44. Bd5 Ne4 45. Rf7+ Kg8 46. Rd7+ 1-0

[Event "World Youth Girl U18 2016"]
[Site "Khanty-Mansiysk RUS"]
[Date "2016.09.26"]
[Round "5.4"]
[White "Lingur, Zalina"]
[Black "Heinemann, Josefine"]
[Result "0-1"]
[WhiteTitle "WFM"]
[BlackTitle "WIM"]
[WhiteElo "1986"]
[BlackElo "2242"]
[WhiteFideId "34165670"]
[BlackFideId "12900460"]
[EventDate "2016.09.22"]

1. e4 c5 2. Nf3 d6 3. d4 cxd4 4. Nxd4 Nf6 5. Nc3 a6 6. Bg5 e6 7. f4 h6 8. Bh4
Qb6 9. Qd2 Qxb2 10. Rb1 Qa3 11. e5 dxe5 12. fxe5 Nfd7 13. Be2 Be7 14. Bxe7 Qxe7
15. O-O Nxe5 16. Ne4 Nbd7 17. Rb3 O-O 18. Rg3 Kh7 19. Nf3 f5 20. Nxe5 Nxe5 21.
Qc3 Nd7 22. Nf2 Nf6 23. Re1 e5 24. Bc4 e4 25. Nh3 Be6 26. Qe5 Rae8 27. Be2 Bc8
28. Qb2 Qe5 29. Qc1 Nd5 30. Bh5 Re6 31. c4 Rc6 32. Qd1 Ne7 33. Be2 Be6 34. Rf1
f4 35. Rb3 f3 36. Bxf3 exf3 37. Rbxf3 Rxf3 38. Qxf3 Bxh3 39. Qxh3 Ng6 40. Rf5
Qd4+ 41. Kf1 Rxc4 42. Rf3 Rc1+ 43. Ke2 Rc2+ 44. Ke1 Qa1# 0-1

[Event "World Youth Girl U18 2016"]
[Site "Khanty-Mansiysk RUS"]
[Date "2016.09.26"]
[Round "5.5"]
[White "Uuriintuya, Uurtsaikh"]
[Black "Hu, Yu A."]
[Result "0-1"]
[WhiteTitle "WIM"]
[WhiteElo "2228"]
[BlackElo "2049"]
[WhiteFideId "4900227"]
[BlackFideId "8609993"]
[EventDate "2016.09.22"]

1. e4 c5 2. Nf3 d6 3. d4 cxd4 4. Nxd4 Nf6 5. Nc3 g6 6. Be3 Bg7 7. f3 Nc6 8. Qd2
O-O 9. O-O-O d5 10. exd5 Nxd5 11. Nxc6 bxc6 12. Bd4 Bxd4 13. Qxd4 Qb6 14. Na4
Qa5 15. a3 e5 16. Qh4 Bf5 17. Bd3 e4 18. fxe4 Qxa4 19. Rhe1 Be6 20. Qg5 Nb6 21.
h4 h5 0-1

[Event "World Youth Girl U18 2016"]
[Site "Khanty-Mansiysk RUS"]
[Date "2016.09.26"]
[Round "5.6"]
[White "Ghukasyan, Siranush"]
[Black "Mahalakshmi, M"]
[Result "1-0"]
[BlackTitle "WIM"]
[WhiteElo "2106"]
[BlackElo "2221"]
[WhiteFideId "13300946"]
[BlackFideId "5001080"]
[EventDate "2016.09.22"]

1. e4 e6 2. d4 d5 3. Nc3 Nc6 4. Nf3 Nf6 5. Bd3 Nb4 6. Bg5 Nxd3+ 7. Qxd3 Be7 8.
e5 Nd7 9. Bxe7 Qxe7 10. O-O O-O 11. Nb5 a6 12. Na3 b5 13. c3 c5 14. Nc2 a5 15.
dxc5 Nxc5 16. Qe3 Ba6 17. Rfd1 Rfc8 18. a3 Ra7 19. Nfd4 Rac7 20. g3 Qd8 21. h4
Na4 22. Rab1 Rc5 23. h5 h6 24. Ne1 Nb6 25. Nd3 Nc4 26. Qe2 R5c7 27. f4 Qe7 28.
Qf2 Rb8 29. Re1 Nb6 30. f5 exf5 31. e6 b4 32. Ne5 Qf6 33. exf7+ Rxf7 34. Nxf7
Qxf7 35. Nc6 Ra8 36. Qxb6 Qxh5 37. Qd4 1-0

[Event "World Youth Girl U18 2016"]
[Site "Khanty-Mansiysk RUS"]
[Date "2016.09.26"]
[Round "5.7"]
[White "Santeramo, Alessia"]
[Black "Balajayeva, Khanim"]
[Result "1/2-1/2"]
[WhiteTitle "WFM"]
[BlackTitle "WFM"]
[WhiteElo "2001"]
[BlackElo "2147"]
[WhiteFideId "850810"]
[BlackFideId "13406396"]
[EventDate "2016.09.22"]

1. e4 e5 2. Nf3 Nc6 3. Bb5 a6 4. Ba4 Nf6 5. O-O Be7 6. Re1 b5 7. Bb3 O-O 8. d4
d6 9. c3 Bg4 10. d5 Nb8 11. h3 Bh5 12. Nbd2 c6 13. dxc6 Nxc6 14. Nf1 Bg6 15. Ng3
Nd7 16. a4 Qc7 17. h4 h6 18. h5 Bh7 19. Nh2 Nf6 20. Ng4 Nxg4 21. Qxg4 Qc8 22.
Nf5 Bxf5 23. exf5 Kh8 24. Qf3 Rb8 25. Bd5 e4 26. Qxe4 Ne5 27. Be3 Qd8 28. Ba7
Rc8 29. f4 Bh4 30. fxe5 Bxe1 31. Rxe1 dxe5 32. axb5 axb5 33. Qxe5 Qg5 34. f6
gxf6 35. Qxg5 fxg5 36. b4 Kg8 37. Bc5 Rfd8 38. c4 bxc4 39. Bxc4 Rd7 40. Bb5 Rd5
41. g4 Kg7 42. Rc1 Rd2 43. Rf1 Rcd8 44. Be7 Rc8 45. Ba4 Rc4 46. Bd1 Re4 47. Bf6+
Kf8 48. b5 Rd3 49. Bf3 Re6 50. Bb2 Ree3 51. Bc6 Rg3+ 52. Kf2 Rxg4 53. Re1 Rf4+
54. Ke2 Rb3 55. Be5 Rf5 56. Bd6+ Kg7 57. Rc1 Rbxb5 58. Bxb5 Rxb5 59. Rc8 Rf5 60.
Bf8+ Kh7 61. Rc6 g4 62. Rxh6+ Kg8 63. Bb4 Kg7 64. Rc6 1/2-1/2

[Event "World Youth Girl U18 2016"]
[Site "Khanty-Mansiysk RUS"]
[Date "2016.09.26"]
[Round "5.8"]
[White "Marjina, Arina"]
[Black "Assaubayeva, Bibisara"]
[Result "1/2-1/2"]
[WhiteTitle "WFM"]
[BlackTitle "WFM"]
[WhiteElo "2076"]
[BlackElo "2287"]
[WhiteFideId "34100242"]
[BlackFideId "13708694"]
[EventDate "2016.09.22"]

1. e4 c5 2. Nf3 d6 3. Bb5+ Nd7 4. d4 cxd4 5. Qxd4 e5 6. Qd3 h6 7. c4 Nf6 8. Nc3
Be7 9. O-O O-O 10. Bxd7 Bxd7 11. a4 Be6 12. b3 a6 13. Ba3 Qc7 14. Rfd1 Rfd8 15.
Rac1 Rac8 16. h3 Bf8 17. Nd5 Bxd5 18. cxd5 Qd7 19. Nd2 b5 20. axb5 axb5 21. Bb4
Qb7 22. Ba5 Re8 23. b4 g6 24. Nb1 h5 25. Na3 Bh6 26. Rxc8 Rxc8 27. Re1 Rb8 28.
Re2 Bc1 29. Nb1 Rc8 30. Rc2 h4 31. Nc3 Bg5 32. Ne2 Kg7 33. Rc3 Qa6 34. Qc2 Rxc3
35. Nxc3 Qc8 36. Qd3 Bf4 37. Ne2 Bg5 38. Qc3 Qc4 39. Qxc4 bxc4 40. b5 Nxe4 41.
Bc7 Be7 42. Nc3 Nc5 43. Kf1 Kf8 44. Bb6 Nb3 45. Bc7 Ke8 46. b6 Nc5 47. Ke2 Kd7
48. Nb5 Nb7 1/2-1/2

[Event "World Youth Girl U18 2016"]
[Site "Khanty-Mansiysk RUS"]
[Date "2016.09.26"]
[Round "5.9"]
[White "Kanakova, Natalie"]
[Black "Nguyen, Thanh Thuy Tien"]
[Result "1/2-1/2"]
[BlackTitle "WIM"]
[WhiteElo "2175"]
[BlackElo "1978"]
[WhiteFideId "350486"]
[BlackFideId "12400998"]
[EventDate "2016.09.22"]

1. e4 c5 2. Nf3 d6 3. d4 cxd4 4. Nxd4 Nf6 5. Nc3 a6 6. Be2 e6 7. Be3 Qc7 8. a3
b5 9. g4 Bb7 10. f3 Nfd7 11. Qd2 Nb6 12. O-O-O N8d7 13. Ndxb5 axb5 14. Nxb5 Qc6
15. Nxd6+ Bxd6 16. Qxd6 Rc8 17. Qxc6 Bxc6 18. Ba6 Rc7 19. Rd6 Ke7 20. Rhd1 Rb8
21. R6d2 Na4 22. b3 Nac5 23. Bc4 Bb5 24. Bxc5+ Nxc5 25. Rd4 e5 26. Rd5 Bxc4 27.
bxc4 f6 28. f4 Nxe4 29. fxe5 Nc3 30. exf6+ gxf6 31. Re1+ Kf7 32. Rd4 Rb1+ 33.
Kd2 Rxe1 34. Kxe1 Nb1 35. Ke2 Nxa3 36. Kd3 Ke6 37. Re4+ Kd7 38. Rf4 Rc6 39. c5
Ke6 40. Re4+ Kf7 41. Ra4 Nb5 42. Kc4 Nc7 43. Rb4 Re6 44. Rb7 Re4+ 45. Kd3 Re7
46. Kc4 Ke6 47. Rb6+ Ke5 48. Rd6 h5 49. Rd1 Rh7 50. Re1+ Kf4 51. gxh5 f5 52. c6
Kf3 53. Rf1+ Kg4 54. h3+ Kg5 55. Kd4 Rf7 56. Ke5 f4 57. h6 Re7+ 58. Kd6 Rf7 59.
Ke5 Re7+ 60. Kd6 Rf7 61. Ke5 1/2-1/2

[Event "World Youth Girl U18 2016"]
[Site "Khanty-Mansiysk RUS"]
[Date "2016.09.26"]
[Round "5.10"]
[White "Drogovoz, Irina"]
[Black "Fiadosenka, Rahneda"]
[Result "1-0"]
[WhiteTitle "WIM"]
[WhiteElo "2144"]
[BlackElo "2059"]
[WhiteFideId "4176715"]
[BlackFideId "13503740"]
[EventDate "2016.09.22"]

1. d4 Nf6 2. c4 g6 3. Nc3 Bg7 4. e4 d6 5. Nf3 O-O 6. h3 c5 7. d5 e6 8. Bd3 exd5
9. cxd5 Re8 10. O-O Na6 11. Re1 Bd7 12. Nd2 Nh5 13. Nc4 Qe7 14. a4 Nb4 15. Be2
Bd4 16. Bxh5 gxh5 17. Be3 Qf6 18. Qd2 Qg6 19. Bxd4 Bxh3 20. f3 cxd4 21. Nb5 Nd3
22. Re2 Ne5 23. Nxe5 dxe5 24. Nc7 d3 25. Rf2 Rac8 26. Nxe8 Rc2 27. Nf6+ Kg7 28.
Qe3 Bxg2 29. Rxc2 dxc2 30. Nxh5+ Kh8 31. Kf2 Bh3 32. Ng3 h5 33. Rh1 h4 34. Rxh3 1-0

[Event "World Youth Girl U18 2016"]
[Site "Khanty-Mansiysk RUS"]
[Date "2016.09.26"]
[Round "5.11"]
[White "Gazikova, Veronika"]
[Black "Shivacheva, Donika"]
[Result "1-0"]
[WhiteTitle "WFM"]
[WhiteElo "2213"]
[BlackElo "2063"]
[WhiteFideId "14919311"]
[BlackFideId "2900840"]
[EventDate "2016.09.22"]

1. e4 e5 2. Bc4 Nf6 3. d3 Nc6 4. Nc3 h6 5. f4 Bb4 6. Nf3 d6 7. O-O O-O 8. Qe1
Bc5+ 9. Kh1 a6 10. fxe5 dxe5 11. Qg3 Kh7 12. Nd5 Nh5 13. Qe1 Qd6 14. Qh4 Qg6 15.
Nxc7 Rb8 16. Nd5 f5 17. Be3 Bd6 18. exf5 Bxf5 19. Qe1 e4 20. Nh4 Qg4 21. Nxf5
Rxf5 22. Rxf5 Ng3+ 23. hxg3 Bxg3 24. Rf2 Qh4+ 25. Kg1 Rf8 26. Bf4 Qh2+ 27. Kf1
Nd4 28. Qxe4+ Kh8 29. Qxd4 Qh1+ 30. Ke2 Re8+ 31. Be3 Qh5+ 32. Rf3 Qh2 33. Nf4 1-0

[Event "World Youth Girl U18 2016"]
[Site "Khanty-Mansiysk RUS"]
[Date "2016.09.26"]
[Round "5.12"]
[White "Xiang, Evan"]
[Black "Abdusattorova, Bakhora"]
[Result "0-1"]
[WhiteTitle "WFM"]
[BlackTitle "WFM"]
[WhiteElo "1948"]
[BlackElo "2177"]
[WhiteFideId "2005816"]
[BlackFideId "14204126"]
[EventDate "2016.09.22"]

1. d4 d5 2. Bf4 e6 3. Nf3 Bd6 4. e3 Ne7 5. Bd3 Ng6 6. Bg3 c5 7. c3 Nc6 8. Nbd2
f5 9. O-O O-O 10. dxc5 Bxc5 11. Nb3 Bb6 12. c4 dxc4 13. Bxc4 Qf6 14. Qe2 Kh8 15.
Bd6 Rd8 16. Rfd1 e5 17. Bc5 Bc7 18. Rxd8+ Nxd8 19. Rd1 Nc6 20. Nfd2 b6 21. Ba3
a5 22. Bd5 Bb7 23. Nb1 a4 24. N3d2 e4 25. b3 Nd4 26. exd4 Bxd5 27. g3 axb3 28.
axb3 Qg5 29. Kf1 Bb7 30. Bc1 f4 31. Nxe4 Qf5 32. Nbd2 fxg3 33. hxg3 Ra2 34. Ke1
h6 35. Qe3 Qh5 36. Nf1 Ne7 37. Nc3 Ra8 38. Qxe7 Re8 39. Qxe8+ Qxe8+ 40. Be3 Bd6
41. Rc1 Ba6 42. Nd2 Ba3 43. Ra1 Qh5 44. Nf1 Qa5 45. Bd2 Bxf1 46. Kxf1 Qb4 47.
Nb1 Qb5+ 48. Ke1 Bb2 49. Ra8+ Kh7 50. b4 Qd3 51. Re8 Qxb1+ 52. Ke2 Bxd4 0-1

[Event "World Youth Girl U18 2016"]
[Site "Khanty-Mansiysk RUS"]
[Date "2016.09.26"]
[Round "5.13"]
[White "Uktamova, Marjona"]
[Black "Fuentes Godoy, Lilia Ivonne"]
[Result "0-1"]
[BlackTitle "WIM"]
[WhiteElo "1542"]
[BlackElo "2142"]
[WhiteFideId "14209128"]
[BlackFideId "5104130"]
[EventDate "2016.09.22"]

1. e4 c5 2. Nc3 Nc6 3. g3 g6 4. Bg2 Bg7 5. d3 d6 6. Nge2 e6 7. O-O Nge7 8. Be3
Nd4 9. Qd2 Rb8 10. a4 O-O 11. Nd1 Nec6 12. Nxd4 Nxd4 13. Rb1 a6 14. c3 Nb3 15.
Qc2 Qb6 16. a5 Qb5 17. f4 Nxa5 18. b4 cxb4 19. Rxb4 Qd7 20. f5 Nc6 21. Rb6 Qd8
22. fxe6 Bxe6 23. Qb2 Ne5 24. Nf2 Qc7 25. Bd4 Rfc8 26. Rb1 a5 27. Rxb7 Rxb7 28.
Qxb7 Qxb7 29. Rxb7 Ra8 30. Bxe5 dxe5 31. Bh3 f5 32. c4 a4 33. Rb1 Bf8 34. Kf1
Bc5 35. Ra1 a3 36. Nd1 Bd4 37. Ra2 Kg7 38. Ke2 Kf6 39. Bg2 Ra4 40. Kd2 f4 41.
Kc2 g5 42. Kb3 Ra6 43. Nc3 Bg4 44. Bf1 Rb6+ 45. Nb5 Bb2 46. Kc2 fxg3 47. hxg3
Ra6 48. Nc7 Ra7 49. Nd5+ Kg7 50. Rxb2 axb2 51. Kxb2 Rf7 52. Ne3 h5 53. Kc3 Rf3
54. Nxg4 hxg4 55. Be2 Rxg3 56. Kd2 Rg1 57. Ke3 g3 58. c5 g2 59. Kf2 Re1 60. Kxe1
g1=Q+ 61. Kd2 Qxc5 0-1

[Event "World Youth Girl U18 2016"]
[Site "Khanty-Mansiysk RUS"]
[Date "2016.09.26"]
[Round "5.14"]
[White "Vidic, Teja"]
[Black "Yakimenko, Anastasia"]
[Result "0-1"]
[WhiteTitle "WFM"]
[WhiteElo "2121"]
[BlackElo "1983"]
[WhiteFideId "14605511"]
[BlackFideId "24174980"]
[EventDate "2016.09.22"]

1. e4 c5 2. Nf3 e6 3. b3 d6 4. Bb2 Nf6 5. e5 dxe5 6. Nxe5 Be7 7. Bd3 Nbd7 8. f4
Nd5 9. O-O Bf6 10. Qf3 Qe7 11. a4 g6 12. Na3 O-O 13. Nac4 Bg7 14. Rae1 Nb4 15.
Be4 Nf6 16. c3 Nxe4 17. Qxe4 Nd5 18. Ne3 Nf6 19. Qf3 Qc7 20. c4 b6 21. d4 cxd4
22. Bxd4 Bb7 23. Qe2 Rfd8 24. Qb2 Ne4 25. Rd1 f6 26. N5g4 Kf7 27. Kh1 h5 28. Nf2
Nd6 29. Nh3 Rg8 30. Rc1 Nf5 31. Nxf5 gxf5 32. Qe2 Kg6 33. Rc3 Qc6 34. Ng1 Rh8
35. Nf3 h4 36. h3 Rag8 37. c5 bxc5 38. Rxc5 Qe4 39. Qb5 Bd5 40. Rc3 Kh5 41. Re3
Qc2 42. Rc3 Qe4 43. Re3 Qc2 44. Qd7 Bh6 45. Qf7+ Rg6 46. Nxh4 Rg8 47. Rg3 e5 48.
Rxg6 Bxf7 49. g4+ Kxh4 50. Bf2+ Kxh3 51. Rxh6+ Kxg4 52. Rh4+ Kf3 53. Bg1+ Ke4
54. fxe5+ Rg4 0-1

[Event "World Youth Girl U18 2016"]
[Site "Khanty-Mansiysk RUS"]
[Date "2016.09.26"]
[Round "5.15"]
[White "Krasnokutskaya, Sofiya"]
[Black "Parhomenko, Margarita"]
[Result "1-0"]
[WhiteElo "2086"]
[BlackElo "1940"]
[WhiteFideId "14150735"]
[BlackFideId "11603216"]
[EventDate "2016.09.22"]

1. e4 e6 2. d4 d5 3. Nc3 dxe4 4. Nxe4 Be7 5. Nf3 Nf6 6. Bd3 Nbd7 7. Ne5 c5 8.
Nxf6+ Bxf6 9. Nxd7 Bxd7 10. dxc5 Qa5+ 11. Bd2 Qxc5 12. O-O O-O 13. Be3 Qc7 14.
c3 Rfd8 15. Qh5 h6 16. Qg4 Be5 17. Bxh6 Bxh2+ 18. Kh1 Be5 19. Bg5 f5 20. Bxd8
Qxd8 21. Qh3 Qg5 22. Rfe1 Bc7 23. Bc4 Re8 24. Rad1 Bc8 25. Kg1 Bb6 26. Qf3 g6
27. Rd3 Bc7 28. Qe2 Kg7 29. Red1 Kf6 30. Rh3 b6 31. Qf3 e5 32. Qc6+ Be6 33. Qxe8
Bxc4 34. Qh8+ Ke7 35. Rh7+ Bf7 36. Rxf7+ Kxf7 37. Rd7+ 1-0

[Event "World Youth Girl U18 2016"]
[Site "Khanty-Mansiysk RUS"]
[Date "2016.09.26"]
[Round "5.16"]
[White "Suchomelova, Simona"]
[Black "Stanciu, Ioana-Georgiana"]
[Result "1/2-1/2"]
[WhiteElo "1958"]
[BlackElo "1931"]
[WhiteFideId "348864"]
[BlackFideId "1202294"]
[EventDate "2016.09.22"]

1. e4 c5 2. Nf3 d6 3. d4 cxd4 4. Nxd4 Nf6 5. Nc3 g6 6. g3 Nc6 7. Nde2 Bd7 8. Bg2
Qc8 9. h3 Bg7 10. b3 Rb8 11. a4 Nb4 12. Bb2 O-O 13. Rb1 a6 14. Qd2 b5 15. axb5
axb5 16. Nf4 Re8 17. Nd3 Nc6 18. Nd5 e5 19. Nxf6+ Bxf6 20. h4 Bg7 21. h5 Nd4 22.
hxg6 fxg6 23. Bxd4 exd4 24. O-O Bc6 25. Rfe1 Qb7 26. Qf4 Qd7 27. Nb4 Bb7 28. Nd5
Rf8 29. Qd2 Qf7 30. Re2 Ra8 31. Qb4 Bc8 32. Qxd6 Bg4 33. Rd2 Bf3 34. Bxf3 Qxf3
35. Qe6+ Kh8 36. Nf4 Rae8 37. Rd3 Rxe6 38. Rxf3 Rxe4 39. Kg2 Rfe8 40. Rd1 Re1
41. Rxe1 Rxe1 42. Rd3 g5 43. Nd5 Re2 44. Nb4 g4 45. Nc6 Rxc2 46. Nxd4 Rb2 47.
Nxb5 Bf8 48. Nd6 Kg7 49. Nc4 Ra2 50. Rd2 Ra1 51. f3 Rb1 52. Rd3 gxf3+ 53. Kxf3
Kf6 54. Ke4 1/2-1/2